000 00711cam a2200253 4500
008 000000n2001 000 0 eng u
020 _a0860178838
035 _a(Sirsi) u112944
050 _a614.76
100 _aKwan, J.
100 _aMallett, H.
100 _aMason, S.
100 _aSpencer, D.
245 _aTools for measuring and forecasting waste generated on site : scoping study.
260 _aLondon
_bCIRIA
_c2001
300 _a21p. ; 30cm.
350 _a15.00
490 _aCIRIA Project Report
_v83
650 _aCONSTRUCTION SITES
650 _aCONSTRUCTION WASTE
650 _aWASTE MINIMISATION
690 _aENVIRONMENTAL AND LAND CONSULTANCY-WASTE MANAGEMENT
942 _n0
999 _c101482
_d101482